000 02682nam a22003137a 4500
005 20120209113313.0
010 _aB-473609-614
020 _c50.00
_a9788185586649
035 _aB-473609-614
037 _bब्लूबेरी बुक्स
082 _a
100 _aप्रेमचंद
_91372
245 _aपंच परमेश्वर /
_cप्रेमचंद;अतनु रॉय द्वारा चित्रांकित
250 _aछठा संस्क
260 _aनई दिल्ली
_bकथा
_c2010
270 _aए-3 सर्वोदय एनक्लेव, श्री औरोबिन्दो मार्ग
_bनई दिल्ली
_e110017
300 _a18.पृ.
_bसचित्र
_c22 सेमी (अजिल्द)
700 _aरॉय, अतनु
_941293
700 _941305
942 _2ddc
_cCH
_h
_mप्रेमचं
999 _c62360
_d62360